000 00355cam a2200145ua 4500
041 _amal
_h
082 _a894.8122
_bTHO/MO
100 _aThopill Basi, .
245 _aMooladhanam /
_cThopill basi.
_hTextual Documents
260 _aQuilom :
_bSreerama Villas press ,
_c1959.
300 _a231 ; .
504 _a
942 _cBK
999 _c11658
_d11658